Administrative law of Malaysia and Singapore / (Record no. 1872)

000 -LEADER
fixed length control field nam a22 a 4500
003 - CONTROL NUMBER IDENTIFIER
control field AKMAL
005 - DATE AND TIME OF LATEST TRANSACTION
control field 20170512110132.0
008 - FIXED-LENGTH DATA ELEMENTS--GENERAL INFORMATION
fixed length control field 170512s1989 my 00 eng d
020 ## - INTERNATIONAL STANDARD BOOK NUMBER
International Standard Book Number 997170059X
020 ## - INTERNATIONAL STANDARD BOOK NUMBER
International Standard Book Number 9971700727 (pbk.):
Terms of availability RM 150.00
040 ## - CATALOGING SOURCE
Original cataloging agency AKMAL
082 04 - DEWEY DECIMAL CLASSIFICATION NUMBER
Classification number 342 JAI
090 ## - LOCALLY ASSIGNED LC-TYPE CALL NUMBER (OCLC); LOCAL CALL NUMBER (RLIN)
Classification number (OCLC) (R) ; Classification number, CALL (RLIN) (NR) 342
Local cutter number (OCLC) ; Book number/undivided call number, CALL (RLIN) JAI
100 1# - MAIN ENTRY--PERSONAL NAME
Personal name Jain, M. P.
Fuller form of name (Mahabir Pershad)
9 (RLIN) 3879
245 1# - TITLE STATEMENT
Title Administrative law of Malaysia and Singapore /
Statement of responsibility, etc. M. P. Jain ; with a foreword by H.R.H. Sultan Azlan Shah
250 ## - EDITION STATEMENT
Edition statement 2nd ed.
260 ## - PUBLICATION, DISTRIBUTION, ETC.
Place of publication, distribution, etc. Kuala Lumpur :
Name of publisher, distributor, etc. Malayan Law Journal,
Date of publication, distribution, etc. 1989
300 ## - PHYSICAL DESCRIPTION
Extent li, 663p. ;
Dimensions 25cm
500 ## - GENERAL NOTE
General note Includes index
650 ## - SUBJECT ADDED ENTRY--TOPICAL TERM
Topical term or geographic name entry element Administrative law
Geographic subdivision Malaysia
9 (RLIN) 451
650 ## - SUBJECT ADDED ENTRY--TOPICAL TERM
Topical term or geographic name entry element Administrative law
Geographic subdivision Singapore
9 (RLIN) 3880
700 0# - ADDED ENTRY--PERSONAL NAME
Personal name Raja Azlan Shah, Sultan Perak,
Dates associated with a name 1928-
9 (RLIN) 3881
942 ## - ADDED ENTRY ELEMENTS (KOHA)
Source of classification or shelving scheme
Koha item type Book
Holdings
Withdrawn status Lost status Source of classification or shelving scheme Damaged status Not for loan Collection code Home library Current library Shelving location Date acquired Inventory number Total Checkouts Full call number Barcode Date last seen Price effective from Koha item type
          NON-FICTION AKMAL Melaka AKMAL Melaka PINJAMAN 12.05.2017 301824   342 JAI 201705820 12.05.2017 12.05.2017 Book
Pusat Sumber Maklumat Dato' Haji Sarmin Md Hussin, Akademi Kastam Diraja Malaysia, Melaka
Tel: 06-2331106 | Faks: 06-2313787